Top 10 najpopularniejszych imion żeńskich na literę D - Statystyki

Ogólne statystyki
  • Ten quiz został rozwiązany 66 razy
  • Średni wynik to 5 z 10
Statystyki odpowiedzi
Miejsce Ile nadanych Imię % Poprawnych
1 296,760 Danuta
93%
3 122,862 Dominika
88%
4 87,225 Daria
83%
2 268,289 Dorota
81%
5 31,786 Dagmara
59%
6 19,442 Daniela
44%
10 1,163 Dżesika
22%
7 6,007 Donata
19%
8 1,374 Dobrosława
17%
9 1,228 Dana
5%
Nie znaleziono quizów pasujących do podanych kryteriów
Rozkład punktacji
Procent ludzi z każdym wynikiem
Percentyl według liczby udzielonych odpowiedzi
Twoja historia wyników
Nie rozwiązałeś tego quizu